Central Library || Chittagong University

Remote sensing and image interpretation / (Record no. 112509)

MARC details
000 -LEADER
fixed length control field 00628nam a22002177a 4500
003 - CONTROL NUMBER IDENTIFIER
control field BD-ChCU
005 - DATE AND TIME OF LATEST TRANSACTION
control field 20260429102430.0
008 - FIXED-LENGTH DATA ELEMENTS--GENERAL INFORMATION
fixed length control field 260429b nj||||| |||| 00| 0 eng d
020 ## - INTERNATIONAL STANDARD BOOK NUMBER
International Standard Book Number 9781118343289
040 ## - CATALOGING SOURCE
Transcribing agency BD-ChCU
082 ## - DEWEY DECIMAL CLASSIFICATION NUMBER
Edition number 23
Classification number 621.3678 L739r
100 ## - MAIN ENTRY--PERSONAL NAME
Personal name Lillesand, Thomas M.
9 (RLIN) 22061
245 ## - TITLE STATEMENT
Title Remote sensing and image interpretation /
Statement of responsibility, etc. Thomas M Lillesand.
250 ## - EDITION STATEMENT
Edition statement 7ed.
260 ## - PUBLICATION, DISTRIBUTION, ETC.
Place of publication, distribution, etc. New Jersy :
Name of publisher, distributor, etc. John Wiley,
Date of publication, distribution, etc. 2015
300 ## - PHYSICAL DESCRIPTION
Extent 720 P. :
504 ## - BIBLIOGRAPHY, ETC. NOTE
Bibliography, etc. note Includes.
650 #0 - SUBJECT ADDED ENTRY--TOPICAL TERM
Topical term or geographic name entry element Optical engineering ; Remote sensing.
9 (RLIN) 22063
700 ## - ADDED ENTRY--PERSONAL NAME
Personal name Kiefer, Ralph W.
Relator term Jt. Author
9 (RLIN) 22064
942 ## - ADDED ENTRY ELEMENTS (KOHA)
Source of classification or shelving scheme Dewey Decimal Classification
Koha item type Books
Suppress in OPAC No
Holdings
Withdrawn status Lost status Source of classification or shelving scheme Damaged status Not for loan Home library Current library Shelving location Date acquired Total Checkouts Full call number Barcode Date last seen Copy number Price effective from Koha item type
    Dewey Decimal Classification     Chittagong University Library Chittagong University Library Science Reading Room 04/29/2026   621.3678 L739r 343443 04/29/2026 C-1 04/29/2026 Books
    Dewey Decimal Classification     Chittagong University Library Chittagong University Library Science Reading Room 04/29/2026   621.3678 L739r 343444 04/29/2026 C-2 04/29/2026 Books
© Copyright 2025. Chittagong University Library, Installation and Maintenance by Prof. Dr. Md. Alamgir, 01711306253